Essential immunology (Record no. 17343)
[ view plain ]
| 000 -LEADER | |
|---|---|
| fixed length control field | 00496cam a2200145 4500 |
| 008 - FIXED-LENGTH DATA ELEMENTS--GENERAL INFORMATION | |
| fixed length control field | 720526s1971 enka b 001 0 eng b |
| 010 ## - LIBRARY OF CONGRESS CONTROL NUMBER | |
| LC control number | 72304589 |
| 020 ## - INTERNATIONAL STANDARD BOOK NUMBER | |
| International Standard Book Number | 0632077700 |
| 050 10 - LIBRARY OF CONGRESS CALL NUMBER | |
| Classification number | QR181 |
| Item number | .R57 |
| 082 00 - DEWEY DECIMAL CLASSIFICATION NUMBER | |
| Classification number | 616.07/9 |
| 100 1# - MAIN ENTRY--PERSONAL NAME | |
| Personal name | Roitt, Ivan M. |
| Fuller form of name | (Ivan Maurice) |
| 9 (RLIN) | 1177 |
| 245 10 - TITLE STATEMENT | |
| Title | Essential immunology |
| Statement of responsibility, etc. | [by] Ivan M. Roitt. |
| 260 ## - PUBLICATION, DISTRIBUTION, ETC. | |
| Place of publication, distribution, etc. | Oxford |
| Name of publisher, distributor, etc. | (Osney Mead, Oxford OX2 OEL), Blackwell Scientific Publications, |
| Date of publication, distribution, etc. | 1971. |
| 500 ## - GENERAL NOTE | |
| General note | Distributed in the U.S.A. by F. A. Davis Co., Philadelphia. |
| Withdrawn status | Lost status | Source of classification or shelving scheme | Damaged status | Not for loan | Collection code | Permanent Location | Current Location | Date acquired | Total Checkouts | Full call number | Barcode | Date last seen | Date last checked out | Price effective from | Koha item type |
|---|---|---|---|---|---|---|---|---|---|---|---|---|---|---|---|
| Atta-ur-Rahman School of Applied Biosciences (ASAB) | Atta-ur-Rahman School of Applied Biosciences (ASAB) | 09/16/2015 | 1 | 616.07 | ASAB789 | 08/01/2016 | 09/16/2015 | 09/16/2015 | Book |
